000 00794cam a22002291 4500
001 sa 66006489
003 DLC
005 20260227112256.0
008 800408s1966 ii a 000 0 eng
010 _asa 66006489
035 _a(OCoLC)6177053
040 _aDLC
_cArU
_dOCoLC
_dDLC
042 _apremarc
050 0 0 _aLC2605
_b.R36
100 1 _aRao, V. K. R. V.
_q(Vijendra Kasturi Ranga Varadaraja),
_d1908-1991.
245 1 0 _aEducation and human resource development
_c[by] V. K. R. V. Rao.
260 _aBombay,
_aNew York,
_bAllied Publishers
_c[1966]
300 _axi, 220 p.
_billus.
_c23 cm.
500 _aLabel mounted on t. p. :v Sole distributors in the USA: Paragon Book Gallery, New York.
650 0 _aEducation
_zDeveloping countries.
650 0 _aEducation
_xEconomic aspects.
999 _c70542
_d70542